| 000 | 00602nam a2200217 a 4500 | ||
|---|---|---|---|
| 001 | 13233 | ||
| 003 | BD-JhCC | ||
| 005 | 20230730124632.0 | ||
| 008 | 210323s1963 nyu |||| |||| 000 0 eng d | ||
| 035 | _a(BD-JhCC)13233 | ||
| 040 |
_aBD-JhCC _dBD-JhCC |
||
| 041 | _aeng | ||
| 082 |
_a513.076 _bLOV 1956 |
||
| 100 | _aLovell, K. | ||
| 245 |
_aTwo Grade Arithmetic / _cK. Lovell and C.H.J. Smith |
||
| 260 |
_aNew York : _bOdhams Books limited, _c1956. |
||
| 300 |
_a95 p. : _bill. ; _c21 cm. |
||
| 650 | _aArithmetic--Study and teaching (Elementary) | ||
| 700 | _aSmith, C.H.J. | ||
| 942 |
_2ddc _cBK _02 |
||
| 999 |
_c13233 _d13233 |
||